Factibilidad técnica y económica de la implantación de un modelo comunitario de eliminación de desperdicios orgánicos en la E.A.R.T.H
Na minha lista:
| Autor principal: | |
|---|---|
| Outros Autores: | |
| Formato: | Livro |
| Publicado em: |
San José, Costa Rica
1990
|
| Assuntos: | |
| Tags: |
Adicionar Tag
Sem tags, seja o primeiro a adicionar uma tag!
|
MARC
| LEADER | 00000nam a2200000Ia 4500 | ||
|---|---|---|---|
| 003 | 007358 | ||
| 005 | 20221231144306.0 | ||
| 008 | 140114s1990 cr a m 000 ||s d | ||
| 040 | |c cru CEDI | ||
| 090 | |a TFG 3082 | ||
| 100 | |a Leiva, Luis Felipe |9 11488 | ||
| 245 | |a Factibilidad técnica y económica de la implantación de un modelo comunitario de eliminación de desperdicios orgánicos en la E.A.R.T.H | ||
| 260 | |c 1990 |a San José, Costa Rica | ||
| 300 | |a xx, 298 hojas : ilustraciones ; 28 cm. | ||
| 500 | |a Proyecto de graduacion (licenciatura en ingenieria industrial)--Universidad de Costa Rica. Facultad de Ingeniería. Escuela de Ingenieria Industrial | ||
| 650 | |x ABONO ORGANICO |x ABOkBASURAS Y APROVECHAMIENTO DE BASURAS |x RESIDUOS ORGANICOS - ELIMINACION |9 11490 | ||
| 700 | |9 11489 |a Mas G., Anabella | ||
| 942 | |c TFG | ||
| 999 | |c 19682 |d 19682 | ||
